Govt. of
Madhya Pradesh

The Other Sikhs (Record no. 16136)

MARC details
000 -LEADER
fixed length control field 003860000a22001570004500
001 - CONTROL NUMBER
control field 004245
003 - CONTROL NUMBER IDENTIFIER
control field MACL
040 ## - CATALOGING SOURCE
Original cataloging agency MACL
090 ## - LOCALLY ASSIGNED LC-TYPE CALL NUMBER (OCLC); LOCAL CALL NUMBER (RLIN)
-- 16238
-- 16237
100 ## - MAIN ENTRY--PERSONAL NAME
Personal name Banerjee, Himadri
245 ## - TITLE STATEMENT
Title The Other Sikhs
Remainder of title A View From Eastern India Vol.1
Statement of responsibility, etc. Himadri Banerjee
260 ## - PUBLICATION, DISTRIBUTION, ETC. (IMPRINT)
Place of publication, distribution, etc. Manohar Publishers & Distributers,
Date of publication, distribution, etc. 2003
350 ## - PRICE (NR) (BK AM CF MU VM SE) [OBSOLETE]
Price 550
650 ## - SUBJECT ADDED ENTRY--TOPICAL TERM
Topical term or geographic name as entry element Religion
942 ## - ADDED ENTRY ELEMENTS (KOHA)
Call number prefix 295
Koha item type Library Membar
Holdings
Withdrawn status Lost status Source of classification or shelving scheme Damaged status Not for loan Home library Current library Date acquired Cost, normal purchase price Total Checkouts Full call number Barcode Date last seen Uniform Resource Identifier Price effective from Koha item type
          MACL MACL 02/07/2015 500.00   294.6/BAN CRE015718 02/05/2024 16040 15/04/2015 Books